00412 a2200109 450000500170000002000180001708200200003524500710005526000350012630000930016170000480025420250506091435.0 a0-945257-82-1 aLECT 300.72 SMI aNUTRURE BY KNOWLDGE: Learning to do Participatory Action-Research  aCanada,bThe Apex Press,c1997 axxii, 281p.: ill.; figures, tables, pictures,bbibliographical References, index,c23cm. aSMITH, S.E & WILLMS, D, G. & JOHNSON, N, A.